000 00388nam a2200145Ia 4500
008 230917s9999||||xx |||||||||||||| ||und||
040 _e169097
_aMAIN
041 _aEnglish
082 _a338.4791 C458I
100 _aChoudhary, Vikas
245 0 _aInternational tourism and sustainable development
260 _aNew Delhi
_bCentrum Press
_c2010
300 _aviii, 240 p.
942 _cBK
999 _c153586
_d153586